000 00591nam a22001697a 4500
020 _a9780080943244
020 _a 0080943241
050 _aHD58.87
_b.J48 2003
100 _a Jeston, John;
245 _aManagement by process :
_bA roadmap to sustainable business process management
260 _aAmsterdam ; Boston :
_b Elsevier/Butterworth-Heinemann,
_c 2008.
300 _axviii, 303 p. :
500 _a ill. includes index.
650 _bReengineering (Management) Organizational change, Business planning.
_vBook : Document :
_xEnglish :
700 _aNelis, Johan;
942 _cGEN
999 _c3506
_d3506